| 000 | 01074nam a22003497a 4500 | ||
|---|---|---|---|
| 003 | CHAP | ||
| 005 | 20220329142448.0 | ||
| 008 | 971010s1983 es a r 00010 spa d | ||
| 010 | _a83799 | ||
| 011 | _a84771 | ||
| 035 | _a95297 | ||
| 040 | _cCHAP | ||
| 082 |
_a631.3 _bG3 1983 |
||
| 100 | 0 | 0 |
_aGarcía Fernández, José. _945979 |
| 245 | 0 | _aMáquinas agrícolas | |
| 250 | _a2 ed. corregida y aumentada | ||
| 260 |
_aBarcelona : _bMarcombo, _c1983. |
||
| 300 |
_a412 p. _b: ilus. |
||
| 590 |
_aBATCH-UPD _b10 _c20130110 _lUCH01 _h0603 |
||
| 590 |
_aBATCH-UPD _b10 _c20130410 _lUCH01 _h0245 |
||
| 590 |
_aBATCH-UPD _b10 _c20130914 _lUCH01 _h1437 |
||
| 590 |
_aCONVERSION _b10 _c20130109 _lUCH01 _h1347 |
||
| 650 | 1 | 4 |
_aFrigoríficos. _943317 |
| 650 | 1 | 4 |
_aMaquinaria agrícola. _971151 |
| 650 | 1 | 4 |
_aSembradoras. _9103854 |
| 650 | 1 | 4 |
_aTractores. _9114574 |
| 700 | 0 |
_aGarcía del Caz, Rafael. _945922 |
|
| 901 | _aBK | ||
| 905 | _aMayto Villalobos S. | ||
| 942 | _cLIBRO | ||
| 949 |
_a631.3 G3 1983 _bBC _cLIBRO _d33724000817227 _eLIBRO _gI.211033 _h99608 _i95297 _si _t$142.20 |
||
| 999 |
_c83799 _d83799 |
||